Países por Contribuição ao Orçamento da ONU - Statistics

Estatísticas Gerais
  • Esse quiz foi jogado 7 645 vezes
    4 919 desde o último reset
  • A pontuação média é 17 de 20
Estatísticas das Respostas
$ País % Correto
708 mi Estados Unidos
100%
58.9 mi Brasil
98%
446 mi China
98%
126 mi França
97%
54.6 mi Rússia
96%
179 mi Alemanha
95%
76.9 mi Canadá
94%
235 mi Japão
93%
62.4 mi Espanha
92%
128 mi Reino Unido
92%
93.3 mi Itália
91%
35.7 mi México
91%
61.8 mi Austrália
87%
30.5 mi Índia
86%
75.3 mi Coreia do Sul
82%
33.2 mi Suíça
79%
25.5 mi Suécia
78%
40.3 mi Países Baixos
68%
34.6 mi Arábia Saudita
62%
24.7 mi Turquia
58%
Nenhum quiz correspondente encontrado
Distribuição das Pontuações
Porcentagem de Pessoas com Cada Pontuação
Percentil de Números Respondidos
Sua Pontuação Histórica
Você não jogou esse quiz desde o último reset